| 000 | 00804nam a2200253Ia 4500 | ||
|---|---|---|---|
| 003 | OSt | ||
| 005 | 20221005034831.0 | ||
| 006 | a|||||r|||| 00| 0 | ||
| 007 | ta | ||
| 008 | 221004b |||||||| |||| 00| 0 urd d | ||
| 020 |
_a9789350730454 (hbk) _c600.00 |
||
| 024 | _a5296 | ||
| 037 |
_b6069, 25/03/2013, Educational Publishing House _cTextual |
||
| 040 |
_aCRL _cCRL _burd |
||
| 041 |
_2urd _aurd |
||
| 082 | _aO168,1N12:g, Q2 | ||
| 100 |
_aQureshi Haider Ed. _9587740 |
||
| 245 | 0 |
_aMeera ji _b Shakhsiat aur shairi |
|
| 260 |
_aDelhi _bEudcational Publishing House India _c2012 |
||
| 300 |
_a600p. _ccm. |
||
| 650 | _aURDU POETRY | ||
| 942 |
_hO168,1N12:g, Q2 _cTEXL _2cc |
||
| 999 |
_c944166 _d944166 |
||